| 000 -ლიდერი |
| ფიქსირებული სიგრძის საკონტროლო ველი |
01208nam a2200241Ia 4500 |
| 001 - საკონტროლო ნომერი |
| საკონტროლო ველი |
6069 |
| 003 - საკონტროლო ნომრის იდენტიფიკატორი |
| საკონტროლო ველი |
GE_BSU |
| 005 - ბოლო ოპერაციის თარიღი და დრო |
| საკონტროლო ველი |
20190925121817.0 |
| 008 - ფიქსირებული სიგრძის მონაცემთა ელემენტები - ზოგადი ინფორმაცია |
| ფიქსირებული სიგრძის საკონტროლო ველი |
181216s1936||||ge |||||||||||||| ||geo|| |
| 040 ## - კატალოგიზაციის წყარო |
| Transcribing agency |
GE_BSU |
| 041 ## - ენის კოდი |
| Language code of text/sound track or separate title |
geo |
| 080 ## - უნივერსალური ათობითი კლასიფიკაციის ინდექსი |
| Universal Decimal Classification number |
821.353.1-31 ა-78 |
| 100 ## - მთავარი ჩანაწერი - პიროვნების სახელი |
| Personal name |
არდაზიანი, ლავრენტი |
| 9 (RLIN) |
4309 |
| 245 ## - ცნობა სათაურის შესახებ |
| Title |
სოლომონ ისაკიჩ მეჯღანუაშვილი. მორჩილი : |
| Remainder of title |
[რომანი] / |
| Statement of responsibility, etc |
ლავრენტი არდაზიანი ; პლ. კეშელავას რედაქციით და შენიშვნებით. |
| 264 ## - წარმოების, გამოცემის, დისტრიბუციის და სხვა ცნობები |
| გამოცემის, წარმოების, დისტრიბუციის... ადგილი |
ტფილისი : |
| გამოცემის, წარმოების, დისტრიბუციის... სახელწოდება |
ფედერაცია ; |
| გამოცემის, წარმოების, დისტრიბუციის... თარიღი |
1936. |
| 300 ## - ფიზიკური აღწერა |
| Extent |
238 გვ. ; |
| Dimensions |
21 სმ. |
| 490 ## - სერიის ცნობა |
| Series statement |
(ქართული კლასიკური მწერლობა). |
| 500 ## - ზოგადი შენიშვნა |
| General note |
დამატებით თავფურცელზე : "მოთხრობები". |
| 653 ## - INDEX TERM--UNCONTROLLED |
| Uncontrolled term |
სოლომონ ისაკიჩ მეჯღანუაშვილი |
| 653 ## - INDEX TERM--UNCONTROLLED |
| Uncontrolled term |
მორჩილი |
| 700 ## - ADDED ENTRY--PERSONAL NAME |
| Personal name |
რადიანი, შ. |
| Relator term |
რედაქტორი |
| 9 (RLIN) |
4315 |
| 942 ## - ADDED ENTRY ELEMENTS (KOHA) |
| Koha item type |
წიგნი |
| Source of classification or shelving scheme |
|